[Event "Albena Masters Open 2012"]
[Site "Albena BUL"]
[Date "2012.05.29"]
[Round "4.20"]
[White "Akshat,Kh"]
[Black "Dukaczewski,P"]
[Result "1-0"]
[WhiteElo "2400"]
[BlackElo "2290"]

1.d4 d5 2.c4 dxc4 3.Nf3 Nf6 4.e3 e6 5.Bxc4 c5 6.O-O a6 7.Bb3 b5 8.a4 b4 9.Nbd2 Bb7
10.Re1 Be7 11.e4 O-O 12.e5 Nfd7 13.Ne4 cxd4 14.Bc2 Nc6 15.Bf4 Qa5 16.Ned2 Nc5
17.Nc4 Qc7 18.Nd6 g6 19.Nxd4 Nxd4 20.Qxd4 b3 21.Bd1 Rfd8 22.Rc1 Qa5 23.Bd2 Qxa4
24.Qxc5 Rac8 25.Qe3 Rxc1 26.Bxc1 Bd5 27.Bf3 Bxd6 28.Bxd5 exd5 29.exd6 Rxd6
30.Qe8+ Qxe8 31.Rxe8+ Kg7 32.Rb8 Rc6 33.Be3 f6 34.Kf1  1-0

[Event "1st Euro 2012 Open"]
[Site "Lviv UKR"]
[Date "2012.05.29"]
[Round "2"]
[White "Sychevskyy,Andriy"]
[Black "Matviyishen,Viktor"]
[Result "0-1"]
[WhiteElo "2052"]
[BlackElo "1848"]

1.d4 d5 2.c4 dxc4 3.e3 Nf6 4.Bxc4 e6 5.Nf3 c5 6.O-O cxd4 7.exd4 Be7 8.Qe2 O-O
9.Nc3 a6 10.a4 Nc6 11.Rd1 Nb4 12.Ne5 b6 13.Bg5 Nfd5 14.Bxd5 exd5 15.Bxe7 Qxe7
16.Qf3 Be6 17.Rac1 Rac8 18.Qe2 Rfe8 19.Re1 h6 20.h3 Qg5 21.Qe3 Qxe3 22.Rxe3 Bf5
23.Rd1 f6 24.Ng4 Bxg4 25.Rxe8+ Rxe8 26.hxg4 Kf7 27.Kf1 Rc8 28.Rd2 Ke6 29.f3 Kd6
30.Kf2 Rc4 31.Ke3 Nc6 32.f4 Rb4 33.f5 Na5 34.Re2 Nb3 35.Kf2 Nxd4 36.Rd2 Ke5
37.Ke3 Nxf5+ 38.gxf5 d4+ 39.Kf2 dxc3 40.bxc3 Rf4+ 41.Kg1 Kxf5 42.Rd6 Rxa4
43.Rxb6 Rc4 44.Rxa6 Rxc3 45.Ra4 g5 46.Rb4 h5 47.Ra4 g4 48.Rb4 Kg5 49.Ra4 f5
50.Rb4 Kh4 51.Kh2 Kg5 52.Kg1 h4 53.Ra4 h3 54.gxh3 Rxh3 55.Kg2 Re3 56.Kf2 Re4
57.Ra8 Kf4 58.Ra3 g3+ 59.Rxg3 Re2+ 60.Kxe2 Kxg3 61.Kf1 Kf3  0-1

[Event "ch-ISL Playoff 2012"]
[Site "Kopavogur ISL"]
[Date "2012.05.30"]
[Round "6"]
[White "Thorfinnsson,Br"]
[Black "Thorhallsson,T"]
[Result "1/2-1/2"]
[WhiteElo "2449"]
[BlackElo "2425"]

1.Nf3 d5 2.d4 Nf6 3.c4 dxc4 4.e3 e6 5.Bxc4 c5 6.O-O a6 7.Bb3 Nc6 8.Nc3 b5
9.dxc5 Bxc5 10.a4 b4 11.Ne2 Qb6 12.Nd2 Bb7 13.Nc4 Qc7 14.a5 O-O 15.Ng3 Rfd8
16.Qe2 Ne5 17.Kh1 Ng6 18.e4 Nf4 19.Bxf4 Qxf4 20.f3 h5 21.Qe1 h4 22.Ne2 Qg5
23.Qc1 Qh5 24.Qf4 Rac8 25.Rae1 Ba7 26.Rd1 Rxd1 27.Rxd1 Bb8 28.Qe3 h3 29.g3 Ba7
30.Qd3 Qc5 31.Nf4 Bc6 32.Nb6 Bb5 33.Qd2 Bxb6 34.axb6 Qxb6 35.Nxh3 a5 36.Ba2 Qa6
37.Nf4 Qc6 38.Bb1 Ba4 39.Re1 Nd7 40.Kg2 Ne5 41.h4 Qc7 42.Ne2 Nc4 43.Qc1 Qc5
44.Nf4 Rd8 45.Bd3 Bb3 46.Bxc4 Qxc4 47.Qxc4 Bxc4 48.Rc1 Rd2+ 49.Kg1 Bb3 50.Rc8+ Kh7
51.Rc5 a4 52.Rh5+ Kg8 53.Ra5 Rxb2 54.Nd3 Rb1+ 55.Kf2 Bc2 56.Ne5 Rd1 57.Ra8+ Kh7
58.Nxf7 Kg6 59.Rf8 Kf6 60.Nh8+ Ke7 61.Ng6+ Kd7 62.Ne5+ Kc7 63.Rf7+ Kb6 64.Nc4+ Kb5
65.Ne3 Rd2+ 66.Ke1 Rh2 67.Rb7+ Kc6 68.Rxb4 Bb3 69.Rb8 Kc5 70.Nf1 Rg2 71.Nd2 Rxg3
72.Nxb3+ axb3 73.Kf2 Rh3 74.Rxb3 Kd4 75.Rb5 Rxh4 76.Rg5 Rh7  1/2-1/2

[Event "1st Euro 2012 Open"]
[Site "Lviv UKR"]
[Date "2012.05.31"]
[Round "5"]
[White "Najgebauer,S"]
[Black "Matviyishen,Viktor"]
[Result "1/2-1/2"]
[WhiteElo "2222"]
[BlackElo "1848"]

1.d4 d5 2.c4 dxc4 3.e3 Nf6 4.Bxc4 e6 5.Nf3 c5 6.O-O a6 7.Bb3 cxd4 8.exd4 Be7
9.Bg5 O-O 10.Nc3 b5 11.Qd2 Bb7 12.Qf4 Nbd7 13.Bc2 b4 14.Na4 Rc8 15.Rac1 h6
16.Bxf6 Bxf6 17.Be4 Bxe4 18.Qxe4 Be7 19.Qb7 a5 20.b3 Rb8 21.Qa6 Ra8 22.Qb5 Nf6
23.Rc6 Nd5 24.Rfc1 Bf6 25.Qd3 Qb8 26.g3 Rd8 27.Qe4 Ne7 28.Rb6 Qa7 29.Rb7 Qa6
30.Rb6 Qa7 31.Rb7 Qa6 32.Rcc7 Rac8 33.Rb6 Qxb6 34.Rxc8 Qd6 35.Rc5 Bxd4 36.Qxd4 Qxd4
37.Nxd4 Rxd4 38.Rxa5 Nd5 39.Nb2 Nc3 40.Nc4 f6 41.Kg2 e5 42.a3 bxa3 43.Rxa3 Kf7
44.Ra7+ Kg6 45.Rc7 Nb5 46.Rb7 Nc3 47.h3 h5 48.Rc7 Nb5 49.Rb7 Nc3 50.Rc7 Nd5
51.Rb7 e4 52.Kf1 Rd1+ 53.Kg2  1/2-1/2

[Event "Baltija WGM Cup 2012"]
[Site "Palanga LTU"]
[Date "2012.06.17"]
[Round "1.1"]
[White "Vanagaite,G"]
[Black "Stjazhkina,O"]
[Result "1-0"]
[WhiteElo "1972"]
[BlackElo "2260"]

1.d4 d5 2.Nf3 Nf6 3.c4 dxc4 4.e3 e6 5.Bxc4 c5 6.O-O Be7 7.Qe2 Nc6 8.Rd1 cxd4
9.exd4 O-O 10.Nc3 Na5 11.Bd3 b6 12.Bf4 Bb7 13.Rac1 Rc8 14.Ne5 Nd5 15.Be3 f5
16.f3 Bf6 17.Nxd5 Qxd5 18.b4 Rxc1 19.Rxc1 Bxe5 20.bxa5 Bxd4 21.Kh1 Bxe3 22.Qxe3 Rd8
23.Bc4 Qd1+ 24.Bf1 Qd6 25.Rb1 f4 26.Qf2 Qd2 27.Qxd2 Rxd2 28.axb6 axb6 29.Rxb6 Bd5
30.Rb4 g5 31.h4 h6 32.hxg5 hxg5 33.a4 Rd1 34.Kg1 Ra1 35.Kf2 Ra2+ 36.Kg1 Kg7
37.Bd3 Kf6 38.Be4 Ke5 39.Kh2 g4 40.Kg1 g3 41.Kf1 Ra1+ 42.Rb1 Rxa4 43.Bg6 Bc4+
44.Kg1 Ra3 45.Rc1 Kd4 46.Be4 Bd5 47.Bg6 Ke3 48.Re1+ Kd2 49.Rb1 Re3 50.Rb2+ Kc3
51.Rc2+ Kb4 52.Rc1 Ba2 53.Be4 Bd5 54.Bg6 Kb3 55.Rb1+ Kc3 56.Rc1+ Kd2 57.Rb1 Bb3
58.Ra1 Bd1 59.Ra2+ Kc3 60.Kf1 Be2+ 61.Rxe2  1-0

[Event "Teplice Open 2012"]
[Site "Teplice CZE"]
[Date "2012.06.22"]
[Round "7.13"]
[White "Carstensen,J"]
[Black "Vrublevskaya,O"]
[Result "1/2-1/2"]
[WhiteElo "2305"]
[BlackElo "2110"]

1.d4 d5 2.c4 dxc4 3.Nf3 e6 4.e3 Nf6 5.Bxc4 c5 6.O-O a6 7.a4 Nc6 8.Nc3 Bd6
9.Qe2 O-O 10.dxc5 Bxc5 11.e4 Qc7 12.e5 Ng4 13.Bf4 Nd4 14.Nxd4 Bxd4 15.Qxg4 Bxc3
16.Bd3 Bxb2 17.Rab1 Bxe5 18.Rfc1 Qa5 19.Be3 f5 20.Qh4 Qd8 21.Qc4 Qd5 22.Qc2 b5
23.axb5 Bb7 24.f3 Bd4 25.Qe2 axb5 26.Rxb5 Qd7 27.Bc4 Ba6 28.Rb4 Bxe3+ 29.Qxe3 Bxc4
30.Rbxc4 Qa7 31.Rc5 Rae8 32.Kh1 Qf7 33.Re1 Re7 34.Re5 Rfe8 35.h3 h6 36.f4 Qf6
37.Qe2  1/2-1/2

[Event "7th Vladimir Dvorkovich Cup"]
[Site "Moscow RUS"]
[Date "2012.06.30"]
[Round "2.12"]
[White "Goryachkina,A"]
[Black "Cemhan,K"]
[Result "1-0"]
[WhiteElo "2353"]
[BlackElo "1941"]

1.d4 d5 2.c4 dxc4 3.Nf3 Nf6 4.e3 e6 5.Bxc4 c5 6.O-O a6 7.dxc5 Qxd1 8.Rxd1 Bxc5
9.Be2 Nc6 10.Nbd2 O-O 11.Nc4 b5 12.Nce5 Nxe5 13.Nxe5 Bb7 14.a4 b4 15.a5 Rfd8
16.Nd3 Bf8 17.f3 Rac8 18.e4 Rc2 19.Kf1 Bc6 20.Nf2 Rxd1+ 21.Nxd1 Bb7 22.Ne3 Rc8
23.Bd2 Nd7 24.Nc4 g6 25.Rd1 Bc6 26.Bf4 Bb5 27.Nb6 Nxb6 28.axb6 Re8 29.Bxb5 axb5
30.b7  1-0

[Event "40th TCh-GRE 2012"]
[Site "Achaea GRE"]
[Date "2012.07.01"]
[Round "3.9"]
[White "Kanakaris,G"]
[Black "Koliopoulos,K"]
[Result "1-0"]
[WhiteElo "2276"]
[BlackElo "2237"]

1.d4 d5 2.c4 dxc4 3.e3 Nf6 4.Bxc4 e6 5.Nf3 c5 6.O-O a6 7.a4 Nc6 8.Nc3 Qc7
9.Qe2 Be7 10.Rd1 O-O 11.Bd2 Rd8 12.Be1 cxd4 13.exd4 Nd5 14.Rac1 Qb6 15.Ne4 Bd7
16.b3 Be8 17.Qc2 Rac8 18.Neg5 g6 19.Qe4 Kg7 20.h4 Ncb4 21.Bd2 Nf6 22.Qe1 Nbd5
23.Ba5 Qd6 24.Bxd8 Rxd8 25.Ne5 Nh5 26.Ne4 Qb6 27.g3 Bb4 28.Qe2 f6 29.Nd3 Be7
30.Nec5  1-0

[Event "II Holuj-Radzikowski Mem"]
[Site "Warsaw POL"]
[Date "2012.07.04"]
[Round "4.4"]
[White "Batsiashvili,N"]
[Black "Lach,A"]
[Result "1/2-1/2"]
[WhiteElo "2434"]
[BlackElo "2153"]

1.d4 d5 2.Nf3 Nf6 3.c4 dxc4 4.e3 e6 5.Bxc4 c5 6.O-O a6 7.dxc5 Qxd1 8.Rxd1 Bxc5
9.Be2 b6 10.Ne5 Bb7 11.Nc3 Nbd7 12.Nxd7 Nxd7 13.Na4 Rd8 14.Nxc5 Nxc5 15.Rxd8+ Kxd8
16.Bd2 f6 17.Bb4 Kc7 18.Rc1 Kd6 19.f3 a5 20.Ba3 Bd5 21.b3 f5 22.Bb5 g5 23.Kf2 h5
24.h4 g4 25.Rc2 Rg8 26.b4 axb4 27.Bxb4 Bc6 28.Bc4 Ra8 29.Rd2+ Ke7 30.Kg3 gxf3
31.gxf3 Ra4 32.a3 e5 33.Bd5 Ba8 34.e4 fxe4 35.fxe4 Bxd5 36.Rxd5 Ke6 37.Kf3 Ra8
38.Ke3 Rg8 39.Bxc5 bxc5 40.Rxc5 Rg3+ 41.Kd2 Rxa3 42.Rc6+ Ke7 43.Rh6 Ra4 44.Kd3 Ra3+
45.Kc4 Ra4+ 46.Kd5 Ra5+ 47.Kc4  1/2-1/2

[Event "II Holuj-Radzikowski Mem"]
[Site "Warsaw POL"]
[Date "2012.07.04"]
[Round "4.2"]
[White "Gvetadze,Sopi"]
[Black "Haast,A"]
[Result "0-1"]
[WhiteElo "2337"]
[BlackElo "2255"]

1.d4 d5 2.Nf3 Nf6 3.e3 c5 4.c4 dxc4 5.Bxc4 e6 6.Nc3 a6 7.a3 b5 8.Ba2 Bb7
9.O-O Be7 10.Qe2 O-O 11.Rd1 Nbd7 12.dxc5 Bxc5 13.b4 Ba7 14.Bb2 Qe7 15.h3 Rac8
16.e4 Nb6 17.Nd2 Rfd8 18.Rac1 Nfd7 19.e5 Nf8 20.Bb1 Ng6 21.Nce4 Ba8 22.Nd6 Rxc1
23.Rxc1 Na4 24.Ba1 Qg5 25.Be4 Nh4 26.Bxa8 Rxa8 27.Qe4 Bxf2+ 28.Kxf2 Qxd2+
29.Kg3 Qg5+ 30.Kh2 Rd8 31.Rf1 Nf5 32.Nxf5 exf5 33.Rxf5 Qg6 34.Qf4 h6 35.e6 Qxe6
36.Re5 Qg6 37.Re3 Rd3 38.Re8+ Kh7 39.Re7 Rxa3 40.Bd4 Ra2 41.Qg3 Qxg3+ 42.Kxg3 Kg6
43.Kf4 Rd2 44.Ke3 Rxg2 45.Ra7 Rg3+ 46.Kd2 f6 47.Rxa6 Kf5 48.Ra5 Ke4 49.Bf2 Rd3+
50.Kc2 Rxh3 51.Rxb5 Rh2 52.Kb3 Rxf2 53.Kxa4 Ra2+ 54.Kb3 Ra8 55.Rb7 g5 56.Rh7 g4
57.Rxh6 f5 58.Rg6 Kf3 59.b5 g3 60.b6 g2 61.Kc4 Kf2 62.b7 Rb8  0-1

[Event "14th Torredembarra Open"]
[Site "Torredembarra ESP"]
[Date "2012.07.05"]
[Round "6.1"]
[White "Pogorelov,R"]
[Black "Obregon Rivero,J"]
[Result "0-1"]
[WhiteElo "2408"]
[BlackElo "2479"]

1.Nf3 d5 2.d4 Nf6 3.c4 dxc4 4.e3 e6 5.Bxc4 c5 6.O-O a6 7.dxc5 Bxc5 8.Qxd8+ Kxd8
9.Nbd2 Ke7 10.Be2 Rd8 11.Nb3 Bd6 12.Bd2 b6 13.Bc3 Bb7 14.Nfd2 Nd5 15.Rac1 Nxc3
16.Rxc3 Be5 17.Rc2 Nd7 18.f4 Bd6 19.Bf3 Rac8 20.Rxc8 Bxc8 21.Nc4 Bc7 22.Nd4 Nb8
23.Rc1 Bd7 24.b4 b5 25.Ne5 Bd6 26.Nxd7 Rxd7 27.Rc8 Rd8 28.Rxd8 Kxd8 29.a3 Kc7
30.Be4 g6 31.g4 Nd7 32.Nc2 e5 33.f5 Nf6 34.Bf3 e4 35.Be2 g5 36.h3 Be5 37.a4 bxa4
38.Bxa6 Nd5 39.Bc4 Kd6 40.Kf2 Bb2 41.Ke2 f6 42.Kd2 a3 43.b5 Nb6 44.Ba2 Kc5
45.Ne1 Kxb5 46.Kc2 Nc4 47.Ng2 Kb4 48.Bb1 Be5 49.Ba2 Bg3 50.Bb1 Bd6 51.Ba2 Be5
52.Bb1 h6 53.Ba2 Bh2 54.Bb1 Bg1 55.Ba2 Bf2 56.Bb3 Nxe3+ 57.Nxe3 Bxe3 58.Bd5 Bd4
59.Bf7 Kc5 60.Kd2 Kd6 61.Ba2 Ke5 62.Bc4  0-1

[Event "35th Barbera Open A"]
[Site "Barbera del Valles ESP"]
[Date "2012.07.06"]
[Round "3.43"]
[White "Laxman,R"]
[Black "Dukaczewski,P"]
[Result "1-0"]
[WhiteElo "2422"]
[BlackElo "2249"]

1.Nf3 d5 2.d4 Nf6 3.c4 dxc4 4.e3 e6 5.Bxc4 c5 6.O-O a6 7.Bd3 Nc6 8.a3 cxd4
9.exd4 Be7 10.Nc3 O-O 11.Bc2 b5 12.Qd3 Bb7 13.Bg5 g6 14.Rad1 Qc7 15.Bh4 Rfd8
16.Qe2 Rac8 17.Rfe1 Qb6 18.Bb3 Na5 19.Ba2 Rc7 20.Ne5 Nd5 21.Bxd5 Bxd5 22.Nxd5 Rxd5
23.Bxe7 Rxe7 24.Ng4 Kg7 25.Qd2 g5 26.Ne3 Rdd7 27.d5 f6 28.Qb4 Re8 29.dxe6 Rxd1
30.Rxd1 Rxe6 31.Rd7+ Kg6 32.Nd5 Nc6 33.Qd2 Qc5 34.Qd3+ f5 35.g4 Nd4 36.Kg2 Re5
37.b4 Qc4 38.Rd6+ Kf7 39.Qh3 Rxd5 40.Qxh7+ Kf8 41.Qh8+ Kf7 42.Qf6+ Kg8 43.Qxg5+ Kf8
44.Qf6+ Kg8 45.Qg6+ Kf8 46.Rf6+  1-0

[Event "Perla Baltyku Open 2012"]
[Site "Lazy POL"]
[Date "2012.07.06"]
[Round "7.2"]
[White "Chojnacki,K"]
[Black "Mista,A"]
[Result "0-1"]
[WhiteElo "2436"]
[BlackElo "2538"]

1.d4 d5 2.c4 dxc4 3.Nf3 Nf6 4.e3 e6 5.Bxc4 c5 6.O-O a6 7.Qe2 b5 8.Bd3 cxd4
9.exd4 Bb7 10.a4 b4 11.Bg5 Be7 12.Rd1 O-O 13.Nbd2 Nbd7 14.Nc4 h6 15.Bd2 Re8
16.Nce5 Bf8 17.Rac1 Nb6 18.b3 Qd5 19.Nc4 Nc8 20.Ne3 Qd6 21.Nc4 Qd8 22.Nce5 Bd5
23.Bxa6 Bxb3 24.Bb5 Bxd1 25.Qxd1 Nb6 26.Bxe8 Qxe8 27.Nc6 Rxa4 28.Nfe5 Nfd5
29.h3 Ra3 30.Qe2 b3 31.Qb5 Ra2 32.Ba5 b2 33.Rf1 Na4 34.Bd8 Ndc3  0-1

[Event "ch-NOR 2012"]
[Site "Sandefjord NOR"]
[Date "2012.07.08"]
[Round "2.9"]
[White "Hole,O"]
[Black "Moen,A"]
[Result "1-0"]
[WhiteElo "2356"]
[BlackElo "2392"]

1.Nf3 d5 2.d4 Nf6 3.c4 dxc4 4.e3 c5 5.Bxc4 e6 6.O-O a6 7.a4 Nc6 8.Qe2 cxd4
9.Rd1 Be7 10.exd4 O-O 11.Nc3 Nd5 12.Ne4 Bd7 13.h4 Na5 14.b3 f5 15.Bxd5 exd5
16.Nc5 Bxc5 17.dxc5 Nxb3 18.Rxd5 Nxa1 19.Qd3 Qe8 20.Rxd7 Rd8 21.Rxd8 Qxd8
22.Qc3 Qd1+ 23.Kh2 Nc2 24.Bb2 Rf7 25.Qb3 Kf8 26.Ng5 Re7 27.Ne6+ Ke8 28.Nxg7+ Kf8
29.Nxf5 Ne3 30.Bg7+ Rxg7 31.Qxe3 Qxa4 32.Qe5 Rd7 33.Qf6+ Ke8 34.Nd6+ Rxd6
35.cxd6 Qe4 36.f3 Qe1 37.Qh8+ Kd7 38.Qxh7+ Kxd6 39.Qd3+ Kc5 40.Qf5+ Kd6 41.Qf6+ Qe6
42.Qd8+ Kc6 43.Qg5 b5 44.h5 b4 45.h6 b3 46.h7 Qd6+ 47.g3 b2 48.h8=Q b1=Q
49.Qc8+ Kb6 50.Qe3+ Ka5 51.Qec3+ Qbb4 52.Qa1+ Qa3 53.Qcc3+ Ka4 54.Qaxa3+ Qxa3
55.Qxa3+ Kxa3 56.g4  1-0

[Event "4th Rethymno Open"]
[Site "Rethymno GRE"]
[Date "2012.07.10"]
[Round "5.16"]
[White "Richter,Mic"]
[Black "Marzano,C"]
[Result "1-0"]
[WhiteElo "2486"]
[BlackElo "2170"]

1.d4 d5 2.c4 dxc4 3.e3 Nf6 4.Bxc4 e6 5.Nf3 c5 6.Qe2 a6 7.dxc5 Bxc5 8.O-O Nc6
9.a3 b5 10.Bd3 Bb7 11.b4 Bd6 12.Bb2 O-O 13.Nbd2 Qe7 14.Rfd1 Rfd8 15.Rac1 Rac8
16.Nb3 Nd7 17.Bxh7+ Kxh7 18.Qd3+ Kg8 19.Qxd6 Qxd6 20.Rxd6 Nb6 21.Rxd8+ Nxd8
22.Rxc8 Bxc8 23.Nfd2 f6 24.Bd4 Nd7 25.f4 e5 26.fxe5 fxe5 27.Bc3 Bb7 28.Nf3 Bd5
29.Nbd2 Nf7 30.e4 Bb7 31.Kf2 Kf8 32.Ke3 Ke7 33.Nb3 Nd6 34.Bxe5 Nxe5 35.Nxe5 Nxe4
36.g3 Nc3 37.Nc5 Bc8 38.Nc6+ Kd6 39.Na7 Bf5 40.Nxa6 Kd5 41.Kf4 Bc2 42.Nc7+ Kc4
43.Nc6 Nd5+ 44.Nxd5 Kxd5 45.Na5 Kd4 46.h4 Kc3 47.Ke5 Kb2 48.Kd4 Kxa3 49.Kc5 Bd3
50.Nc6 Kb3 51.Nd4+ Kc3 52.Ne6 g6 53.Nf4 Bf5 54.Kxb5 Kd4 55.Kc6 Ke3 56.b5 Kf3
57.b6 Bc8 58.Kc7 Ba6 59.Nxg6 Kxg3 60.h5  1-0

[Event "Turkish Bank Chess League 2012"]
[Site "Konya TUR"]
[Date "2012.07.11"]
[Round "1"]
[White "Arduman,C"]
[Black "Rasulov,Vu"]
[Result "1-0"]
[WhiteElo "2336"]
[BlackElo "2515"]

1.Nf3 d5 2.d4 Nf6 3.c4 dxc4 4.e3 e6 5.Bxc4 c5 6.O-O a6 7.dxc5 Bxc5 8.Qxd8+ Kxd8
9.Nbd2 Ke7 10.b3 Nbd7 11.Bb2 b6 12.Be2 Bb7 13.Rfc1 Rac8 14.Ne1 Bb4 15.Nc4 Be4
16.f3 Bg6 17.e4 b5 18.Nd3 bxc4 19.Nxb4 a5 20.Nc2 cxb3 21.axb3 Nc5 22.Bc4 a4
23.bxa4 Ncxe4 24.Ba3+ Nd6 25.Ne3 Rhd8 26.Bb5 Rxc1+ 27.Rxc1 Ne8 28.Rd1 Kf6
29.Bxe8 Ke5  1-0

[Event "ch-SUI Hauptturnier 1 2012"]
[Site "Flims SUI"]
[Date "2012.07.12"]
[Round "1"]
[White "Gantner,M"]
[Black "Pomini,Aurelien"]
[Result "1-0"]
[WhiteElo "2297"]
[BlackElo "1930"]

1.d4 d5 2.c4 dxc4 3.Nf3 Nf6 4.e3 e6 5.Bxc4 c5 6.O-O a6 7.b3 b5 8.Be2 Bb7
9.Bb2 Nbd7 10.Nbd2 Be7 11.a4 Qb6 12.dxc5 Bxc5 13.axb5 axb5 14.Rxa8+ Bxa8
15.Nd4 Bxd4 16.Bxd4 Qb8 17.Qa1 O-O 18.Qa5 Bc6 19.Nf3 Qb7 20.Ra1 Nd5 21.Qa7 b4
22.Qxb7 Bxb7 23.Bb5 N7f6 24.Ra7 Ba8 25.Ne5 Ne4 26.Nxf7 Rxf7 27.Rxa8+ Rf8
28.Rxf8+ Kxf8 29.f3 Nd2 30.Bc5+ Kf7 31.Ba4 Nc3 32.Bxb4 Nxa4 33.bxa4  1-0

[Event "St. Pauli Open 2012"]
[Site "Hamburg GER"]
[Date "2012.07.13"]
[Round "7.16"]
[White "Steingraeber,Kai-Uwe"]
[Black "Putzbach,G"]
[Result "1-0"]
[WhiteElo "2114"]
[BlackElo "2228"]

1.d4 d5 2.c4 dxc4 3.Nf3 Nf6 4.e3 e6 5.Bxc4 c5 6.O-O a6 7.dxc5 Qxd1 8.Rxd1 Bxc5
9.Be2 Nc6 10.Nbd2 Ke7 11.Nb3 Ba7 12.Bd2 Rd8 13.Rac1 Ne4 14.Be1 Rxd1 15.Rxd1 Bd7
16.Nbd4 Nxd4 17.Nxd4 e5 18.Nb3 Rc8 19.Bf3 Bf5 20.Bb4+ Ke8 21.g4 Bg6 22.Nd2 Nxd2
23.Bxb7 Rb8 24.Bc6+ Kd8 25.Ba5+ Bb6 26.Bxd2 Kc8 27.Bc3 Bc7 28.Rc1 f6 29.a3 Bd3
30.Bb4 e4 31.Bf8 g6 32.b4 Kd8 33.Rd1 Kc8 34.h3 Rb6 35.Rc1 Kd8 36.Bd5 f5 37.g5 f4
38.Bc5 Rb8 39.Bd4 Rb5 40.Bf6+ Kc8 41.Bg8 Kb7 42.Rc5 fxe3 43.Rxb5+ Bxb5 44.fxe3 a5
45.Bxh7 Be8 46.bxa5 Bxa5 47.h4 Bb6 48.Kf2 Bf7 49.h5 gxh5 50.g6 Bd5 51.g7 Ka6
52.g8=Q Bxg8 53.Bxg8 Bc5 54.Bc4+ Ka5 55.Bc3+ Ka4 56.Bb4 Bxb4 57.axb4 Kxb4
58.Bd5  1-0

[Event "27th Gniota Memorial"]
[Site "Police POL"]
[Date "2012.07.14"]
[Round "4.2"]
[White "Urban,K"]
[Black "Malisauskas,V"]
[Result "1/2-1/2"]
[WhiteElo "2453"]
[BlackElo "2460"]

1.d4 d5 2.Nf3 Nf6 3.c4 dxc4 4.e3 e6 5.Bxc4 c5 6.O-O a6 7.dxc5 Qxd1 8.Rxd1 Bxc5
9.Be2 Nbd7 10.Nd4 b6 11.Nb3 Be7 12.N1d2 Bb7 13.Nc4  1/2-1/2

[Event "Turkish Bank Chess League 2012"]
[Site "Konya TUR"]
[Date "2012.07.18"]
[Round "9"]
[White "Gurcan,A"]
[Black "Firat,Deniz"]
[Result "0-1"]
[WhiteElo "1657"]
[BlackElo "1657"]

1.d4 d5 2.c4 dxc4 3.Nf3 Nf6 4.e3 e6 5.Bxc4 c5 6.O-O Nc6 7.Nc3 a6 8.a4 Qc7
9.Qe2 Bd6 10.Rd1 O-O 11.Bd2 b6 12.d5 exd5 13.Nxd5 Nxd5 14.Bxd5 Bb7 15.Bc3 Rae8
16.Qd2 Rd8 17.g3 Be5 18.e4 Rd7 19.Qg5 Bxc3 20.bxc3 Rfd8 21.c4 h6 22.Qg4 Na5
23.Nh4 Kh7 24.Kg2 Bc6 25.Nf5 g6 26.Nh4 Bxd5 27.cxd5 c4 28.f4 c3 29.Rac1 b5
30.f5 Rg8 31.Rf1 b4 32.fxg6+ fxg6 33.Rf6 Rdg7 34.d6 Qd7 35.Qf3 Nc4 36.Qd3 Rc8
37.Rcf1 Ne5 38.Qd4 c2 39.Qxe5 c1=Q 40.Rxc1 Rxc1 41.Re6 Qf7 42.Rf6 Qa2+ 43.Kh3 Rc2
44.Nxg6 Rxh2+ 45.Kg4 Rxg6+ 46.Rxg6 Qe2+ 47.Kf5 Rh5+ 48.Kf6 Rxe5 49.Rg7+ Kh8
50.d7 Qb2 51.Kf7 Re7+ 52.Kxe7 Qxg7+ 53.Kd6 Qf6+ 54.Kc7 Qe7 55.Kc8 Qc5+ 56.Kb7 Qd6
57.Kc8 Qc6+ 58.Kd8 b3 59.Ke7 Qc7 60.Ke8 Qe5+ 61.Kf7 Qd6 62.Ke8 Qe6+  0-1

[Event "ch-PHI Grand Final 2012"]
[Site "Boracay PHI"]
[Date "2012.07.19"]
[Round "7.6"]
[White "Nava,R"]
[Black "Mejia,Giovanni"]
[Result "1-0"]
[WhiteElo "2397"]
[BlackElo "1932"]

1.d4 d5 2.Nf3 Nf6 3.c4 dxc4 4.e3 e6 5.Bxc4 c5 6.O-O a6 7.Nc3 b5 8.Bb3 Bb7
9.e4 cxd4 10.Nxd4 Nc6 11.Be3 Be7 12.Nxc6 Bxc6 13.f3 O-O 14.Qe1 Rc8 15.Rc1 Qd6
16.Ne2 Bb7 17.Rd1 Qb4 18.Qxb4 Bxb4 19.a3 Bc5 20.Kf2 Rfe8 21.h3 Kf8 22.Nf4 Ke7
23.g4 a5 24.Rc1 Bxe3+ 25.Kxe3 Nd7 26.Ne2 Nc5 27.Ba2 b4 28.axb4 axb4 29.Bc4 Red8
30.Nd4 Ba8 31.b3 g6 32.Ne2 Bb7 33.Ra1 Ra8 34.Nd4 Rdc8 35.Rxa8 Bxa8 36.Ra1 Bc6
37.Ra7+ Bd7 38.f4 f6 39.e5 f5 40.gxf5 gxf5 41.Kf3 h6 42.Kg3 Kf8 43.Kh4 Rd8
44.Rc7 Rc8 45.Rxc8+ Bxc8 46.Nc2 Ne4 47.Nxb4 Nd2 48.Kg3 Ke7 49.Nc6+ Kd7 50.Nd4 Ke7
51.Kf2 Bd7 52.Bd3  1-0

[Event "11th Condom Open A"]
[Site "Condom FRA"]
[Date "2012.07.20"]
[Round "8.1"]
[White "Dumitrache,D"]
[Black "Karpatchev,A"]
[Result "1/2-1/2"]
[WhiteElo "2447"]
[BlackElo "2431"]

1.d4 d5 2.c4 dxc4 3.Nf3 Nf6 4.e3 e6 5.Bxc4 c5 6.O-O a6 7.dxc5 Bxc5 8.Qxd8+ Kxd8
9.b3 Ke7 10.Bb2 b5 11.Be2 Bb7  1/2-1/2

[Event "23rd Czech Open A"]
[Site "Pardubice CZE"]
[Date "2012.07.21"]
[Round "2.28"]
[White "Usmanov,V"]
[Black "Lalic,B"]
[Result "1/2-1/2"]
[WhiteElo "2333"]
[BlackElo "2495"]

1.d4 d5 2.Nf3 Nf6 3.c4 dxc4 4.e3 e6 5.Bxc4 c5 6.O-O a6 7.Bb3 Nc6 8.Nc3 cxd4
9.exd4 Be7 10.d5 exd5 11.Nxd5 Nxd5 12.Qxd5 Qxd5 13.Bxd5 O-O 14.Bxc6 bxc6
15.Be3 Be6 16.Rfc1 Rfc8 17.Bc5 Bf6 18.Bd4 Be7 19.Bc5 Bf6 20.Bd4 Be7 21.Bc5  1/2-1/2

[Event "ch-AUT 2012"]
[Site "Zwettl AUT"]
[Date "2012.07.22"]
[Round "2.20"]
[White "Kleiser,G"]
[Black "Zoebisch,H"]
[Result "1/2-1/2"]
[WhiteElo "2269"]
[BlackElo "2108"]

1.d4 d5 2.c4 dxc4 3.Nf3 Nf6 4.e3 e6 5.Bxc4 c5 6.O-O a6 7.Bb3 Nc6 8.Nc3 Be7
9.dxc5 Qxd1 10.Rxd1 Bxc5 11.Bd2 Bd7 12.Rac1 Ba7 13.Be1 Rc8 14.Nd2 Na5 15.Bc2 Nc4
16.Nxc4 Rxc4 17.b3 Rc6 18.Ne4 Nd5 19.Bd3 f5 20.Rxc6 fxe4 21.Rc2 exd3 22.Rxd3 Bc6
23.a4 O-O 24.Rc4 e5 25.g3 Re8 26.Ba5 h6 27.h4 h5 28.Kf1 e4 29.Rd1 Rf8 30.Ke1 Re8
31.Rc2 Kf7  1/2-1/2

[Event "30th Andorra Open"]
[Site "Erts-La Massana AND"]
[Date "2012.07.24"]
[Round "4.17"]
[White "Narciso Dublan,M"]
[Black "Martinez Reyes,P"]
[Result "1-0"]
[WhiteElo "2539"]
[BlackElo "2198"]

1.d4 d5 2.c4 dxc4 3.Nf3 Nf6 4.e3 e6 5.Bxc4 c5 6.O-O Nc6 7.a3 cxd4 8.exd4 Be7
9.Nc3 O-O 10.Re1 a6 11.Ba2 b5 12.d5 exd5 13.Nxd5 Nxd5 14.Qxd5 Bb7 15.Qh5 Qd6
16.Bg5 Bf6 17.Rad1 Nd4 18.Nxd4 Bxd4 19.Qg4 Rae8 20.Rxe8 Rxe8 21.Be3 Re4 22.Qg3 Qxg3
23.hxg3 Bf6 24.Rd7 Bc8 25.Bxf7+ Kh8 26.Ra7 g5 27.b3 Be6 28.Bxe6 Rxe6 29.a4 bxa4
30.bxa4 h6 31.a5 h5 32.Kh2 g4 33.Bb6 Be5 34.Rxa6 h4 35.Ra8+ Kh7 36.Rc8 hxg3+
37.fxg3 Rh6+ 38.Kg1 Bxg3 39.Rc4 Rd6 40.Rd4 Rc6 41.Rd1 Kg6 42.Rb1 Be5 43.a6 Rc2
44.a7 Ra2 45.Kf1 Kf5 46.Rb5 Ra1+ 47.Ke2 Ra2+ 48.Kd3 Ra3+ 49.Kc4 Rc3+ 50.Kb4 Rc8
51.Bd4  1-0

[Event "TCh-CRC Premier 2012"]
[Site "San Jose CRC"]
[Date "2012.07.26"]
[Round "5.3"]
[White "Alfaro,W"]
[Black "Alfaro,C"]
[Result "1/2-1/2"]
[WhiteElo "2169"]
[BlackElo "2168"]

1.Nf3 d5 2.d4 Nf6 3.c4 dxc4 4.e3 e6 5.Bxc4 c5 6.O-O a6 7.a4 Nc6 8.Qe2 cxd4
9.Rd1 Be7 10.exd4 O-O 11.Nc3 Nb4 12.Bg5 Nfd5 13.Nxd5 Nxd5 14.Bxd5 Bxg5 15.Be4 Bf6
16.Ne5 Qd6 17.Ra3 g6 18.Bf3 Rb8 19.g3 Bd7 20.Nxd7 Qxd7 21.d5 exd5 22.Bxd5 b5
23.Rf3 Qe7 24.Qxe7 Bxe7 25.axb5 Rxb5 26.Bc4 Rxb2 27.Rd7 Rb1+ 28.Kg2 Re1 29.Bxa6 Bc5
30.h4 Re7 31.Rd5 Ba7 32.h5 Kg7 33.g4 h6 34.hxg6 fxg6 35.Rxf8 Kxf8 36.Rd6 Rg7
37.Bd3 Kf7 38.f4 Bc5 39.Rc6 Be7 40.Bc4+ Ke8 41.Kf3 Bd8 42.Bd3 Kf7 43.Rc8 Ke7
44.Rc6 Kf7 45.Rc1 h5 46.g5 Ke7 47.Rc6 Kf7 48.Kg3 Be7 49.Rc8 Ke6 50.Be4 Bd6  1/2-1/2

[Event "Politiken Cup 2012"]
[Site "Helsingor DEN"]
[Date "2012.07.30"]
[Round "4.6"]
[White "Markus,Rob"]
[Black "Rasmussen,A"]
[Result "1/2-1/2"]
[WhiteElo "2599"]
[BlackElo "2496"]

1.d4 d5 2.c4 dxc4 3.Nf3 Nf6 4.e3 e6 5.Bxc4 c5 6.O-O a6 7.b3 cxd4 8.Nxd4 Bd7
9.Bb2 Nc6 10.Nf3 Bc5 11.a3 b5 12.Bd3 Qe7 13.b4 Bb6 14.Nbd2 O-O 15.Rc1 Rfd8
16.Qc2 h6 17.Nb3 Be8 18.Qb1 Nd5 19.Nbd4 Rac8 20.Bh7+ Kh8 21.Be4 Kg8 22.Qa1 f6
23.Rfd1 Nxd4 24.Bxd4 Bxd4 25.Nxd4 Nb6 26.Nb3 Rxd1+ 27.Rxd1 Bc6 28.Bxc6 Rxc6
29.Nc5 a5 30.g3 axb4 31.axb4 Rd6 32.h4 Rxd1+ 33.Qxd1 Nd5 34.Qd4 Nc7 35.e4 e5
36.Qd3 Kf7 37.Kf1 Ke8 38.Ke2 Qd8 39.Qb3 Ke7 40.Qa2 Qa8 41.Qb3 h5 42.Kf3 Qc8
43.Qd3 Qd8 44.Qa3 Qa8 45.Qb3 Qc8 46.Qd3  1/2-1/2

[Event "Tabor Open 2012"]
[Site "Tabor CZE"]
[Date "2012.08.03"]
[Round "7.1"]
[White "Talla,V"]
[Black "Lalic,B"]
[Result "1/2-1/2"]
[WhiteElo "2388"]
[BlackElo "2495"]

1.d4 d5 2.Nf3 e6 3.c4 dxc4 4.e3 c5 5.Bxc4 Nf6 6.O-O a6 7.dxc5 Qxd1 8.Rxd1 Bxc5
9.b3 Nbd7 10.Bb2 b6  1/2-1/2

[Event "FSFMA1 August 2012"]
[Site "Budapest HUN"]
[Date "2012.08.06"]
[Round "3.1"]
[White "Lee Kah Meng Elgin"]
[Black "Mayer,I"]
[Result "1-0"]
[WhiteElo "2000"]
[BlackElo "2085"]

1.d4 d5 2.c4 dxc4 3.e3 Nf6 4.Bxc4 e6 5.Nf3 c5 6.O-O Nc6 7.Qe2 a6 8.dxc5 Bxc5
9.Rd1 Qc7 10.Nbd2 O-O 11.b3 e5 12.Bb2 e4 13.Ng5 Bf5 14.Bxf6 gxf6 15.Ngxe4 Be7
16.Ng3 Bg6 17.h4  1-0